| 000 | 00000nam##2200000za#4500 |
| 001 | 9.632588 |
| 003 | CaOODSP |
| 005 | 20210624214904 |
| 007 | cr ||||||||||| |
| 008 | 150407|2006||||xxc|||||o f|0| 0 fre|d |
| 020 | |a0-662-71266-8 |
| 040 | |aCaOODSP|bfre |
| 043 | |an-cn--- |
| 086 | 1 |aSW21-135/2006F-PDF |
| 110 | 1 |aCanada. |bCondition féminine Canada. |
| 245 | 10|aL'égalité des sexes et le commerce : |h[ressource électronique]|bdialogue sur la recherche en matière de politiques pour l’intégration de l’égalité des sexes dans les politiques commerciales |
| 260 | |aOttawa - Ontario : |bCondition féminine Canada |c2006. |
| 300 | |a84p. |
| 520 | 3 |aLe 21 mars 2005, dans le but d'intensifier le débat et de permettre à toutes et à tous de parfaire leurs connaissances dans ce domaine, Condition féminine Canada a organisé un atelier sur l'égalité entre les sexes et le commerce en invitant le milieu de la recherche, les décisionnaires du gouvernement fédéral et des porte-parole de la société civile à participer à un dialogue sur la recherche en matière de politiques. Les résultats de cet atelier sont inclus dans ce rapport. |
| 590 | |a06-20|b2006-05-19 |
| 590 | |a06-10-Supp|b2006-12-15 |
| 691 | 07|aAccord commercial|2gcpds |
| 691 | 07|aCommerce extérieur|2gcpds |
| 691 | 07|aCondition de la femme|2gcpds |
| 691 | 07|aCongrès|2gcpds |
| 691 | 07|aÉgalité des sexes|2gcpds |
| 691 | 07|aPolitique commerciale|2gcpds |
| 691 | 07|aPolitique sociale|2gcpds |
| 775 | 08|tGender and trade : |w(CaOODSP)9.688155 |
| 776 | 0#|tGender and trade : |w(CaOODSP)9.667321 |
| 776 | 0#|tL'égalité des sexes et le commerce : |w(CaOODSP)9.667322 |
| 856 | 40|ahttp://publications.gc.ca|qPDF|s499 Ko|uhttps://publications.gc.ca/collections/Collection/SW21-135-2006F.pdf |